Complex abelian varieties and theta functions /
Guardado en:
| Autor Principal: | |
|---|---|
| Formato: | Libro |
| Idioma: | English |
| Publicado: |
Berlin :
Springer-Verlag,
c1991.
|
| Series: | Universitext
|
| Materias: | |
| Etiquetas: |
Agregar Etiqueta
Sin Etiquetas, Sea el primero en etiquetar este registro!
|
| LEADER | 00769pam a2200241 a 4500 | ||
|---|---|---|---|
| 001 | MAT.inmabb004193 | ||
| 008 | 901023s1991####gw#######b####001#0#eng## | ||
| 005 | 20130314001103.0 | ||
| 245 | 1 | 0 | |a Complex abelian varieties and theta functions / |c George R. Kempf. |
| 260 | |a Berlin : |b Springer-Verlag, |c c1991. | ||
| 300 | |a ix, 100 p. ; |c 25 cm. | ||
| 490 | 0 | |a Universitext | |
| 504 | |a Incluye referencias bibliográficas e índice. | ||
| 510 | 4 | |a MR, |c 92h:14028 | |
| 020 | |a 3540531688 (Berlin) | ||
| 020 | |a 0387531688 (New York) | ||
| 100 | 1 | |a Kempf, George. | |
| 650 | 0 | |a Abelian varieties. | |
| 650 | 0 | |a Functions, Theta. | |
| 084 | |a 14Kxx (14H42 14K05 14K20 14K25) |2 msc2000 | ||
| 010 | |a 90022573 | ||
| 040 | |a DLC |c DLC |d DLC | ||
| 859 | |h 14 |i K32 |p A-6558 |b BIB. MATEMATICA | ||
